| 000 | 01163nam a2200313Ia 4500 | ||
|---|---|---|---|
| 001 | ebr10484296 | ||
| 003 | CaPaEBR | ||
| 006 | m u | ||
| 007 | cr cn||||||||| | ||
| 008 | 021114s2003 pau sb 001 0 eng d | ||
| 010 | _z 2002153955 | ||
| 020 | _z1932031316 | ||
| 020 | _z9781932031317 | ||
| 040 |
_aCaPaEBR _cCaPaEBR |
||
| 035 | _a(OCoLC)71124916 | ||
| 050 | 1 | 4 |
_aBF637.H4 _bP67 2003eb |
| 082 | 0 | 4 |
_a177/.7 _221 |
| 100 | 1 |
_aPost, Stephen Garrard, _d1951- |
|
| 245 | 1 | 0 |
_aUnlimited love _h[electronic resource] : _baltruism, compassion, and service / _cStephen G. Post. |
| 260 |
_aPhiladelphia : _bTempleton Foundation Press, _cc2003. |
||
| 300 | _axii, 232 p. | ||
| 504 | _aIncludes bibliographical references and index. | ||
| 533 |
_aElectronic reproduction. _bPalo Alto, Calif. : _cebrary, _d2011. _nAvailable via World Wide Web. _nAccess may be limited to ebrary affiliated libraries. |
||
| 650 | 0 | _aAltruism. | |
| 650 | 0 | _aLove. | |
| 655 | 7 |
_aElectronic books. _2local |
|
| 710 | 2 | _aebrary, Inc. | |
| 856 | 4 | 0 |
_uhttp://site.ebrary.com/lib/rucke/Doc?id=10484296 _zAn electronic book accessible through the World Wide Web; click to view |
| 999 |
_c120680 _d120680 |
||